Why Hulu is attracting billion dollar bids /

Richard Greenfield, Analyst at BTIG, and Scott Galloway, Chairman and Founder of Firebrand Partners, discuss Hulu and the ability to stream on multiple platforms. They speak on Bloomberg Television's 'Bloomberg Surveillance.'

Bibliographic Details
Corporate Author: Bloomberg News (Firm) (Producer)
Format: Video
Language:English
Language Notes:In English.
Published: New York : Bloomberg, 2013.
Series:Business and education in video
Subjects:
Online Access:Connect to this streaming video (Alexander Street Press)

MARC

Tag First Indicator Second Indicator Subfields
LEADER 00000cgm a2200000Ma 4500
001 in00005566421
006 m o c
007 cr |na---||a|a
007 vz |za|z|
008 140428s2013 nyu004 e o vueng d
005 20241201232603.6
035 |a (OCoLC)ocn890733952 
040 |a ALSTP  |b eng  |e pn  |c ALSTP  |d OCLCO  |d OCLCF  |d OCLCQ  |d OCLCO  |d OCLCA  |d OCLCQ  |d AU@  |d WYU  |d OCLCO  |d OCL  |d OCLCO  |d OCLCL 
035 |a (OCoLC)890733952 
050 4 |a HF 
049 |a TXAM 
245 0 0 |a Why Hulu is attracting billion dollar bids /  |c produced by Bloomberg. 
260 |a New York :  |b Bloomberg,  |c 2013. 
300 |a 1 online resource (4 min.). 
306 |a 000332 
336 |a two-dimensional moving image  |b tdi  |2 rdacontent 
337 |a computer  |b c  |2 rdamedia 
338 |a online resource  |b cr  |2 rdacarrier 
490 0 |a Business and education in video 
500 |a Title from resource description page (viewed Apr. 28, 2014). 
520 |a Richard Greenfield, Analyst at BTIG, and Scott Galloway, Chairman and Founder of Firebrand Partners, discuss Hulu and the ability to stream on multiple platforms. They speak on Bloomberg Television's 'Bloomberg Surveillance.' 
546 |a In English. 
650 0 |a Business. 
650 0 |a Streaming video. 
650 0 |a Television. 
650 0 |a Television broadcasting. 
650 6 |a Affaires. 
650 6 |a Vidéo en continu. 
650 6 |a Télévision. 
650 7 |a Television broadcasting  |2 fast 
650 7 |a Business  |2 fast 
650 7 |a Streaming video  |2 fast 
650 7 |a Television  |2 fast 
655 7 |a Television news programs  |2 fast 
655 7 |a Television news programs.  |2 lcgft 
655 7 |a Téléjournaux.  |2 rvmgf 
710 2 |a Bloomberg News (Firm)  |4 pro 
758 |i has work:  |a Why Hulu Is Attracting Billion Dollar Bids (MovingImage)  |1 https://id.oclc.org/worldcat/entity/E39PD3hxyhwwmR4MdjCDGgQFDq  |4 https://id.oclc.org/worldcat/ontology/hasWork 
856 4 0 |u http://proxy.library.tamu.edu/login?url=https://www.aspresolver.com/aspresolver.asp?BUSV;2352553  |z Connect to this streaming video (Alexander Street Press)  |t 0 
955 |a Alexander Street Press subscription streaming video 
994 |a 92  |b TXA 
999 f f |s fed86936-5065-48ed-99c4-35e03d06c605  |i 50f18577-1987-478e-b778-76a29a6b11d5  |t 0 
952 f f |a Texas A&M University  |b College Station  |c Electronic Resources  |d Available Online  |t 0  |e HF   |h Library of Congress classification 
998 f f |a HF   |t 0  |l Available Online